000 00726nam a22001937a 4500
008 241226b |||||||| |||| 00| 0 eng d
082 _223rd
_a371.621 /R13i
100 _aRai, Chandra Badana
245 _aIntegration of indigenous knowledge in social studies classrooms: an ethnographic inquiry /
_cChandra Badana Rai.
260 _aKathmandu:
_bGraduate School of Education,
_c2024.
300 _axii, 87p.
500 _aIncludes references
502 _aThesis
_bM.Phil.
_cGraduate School of Education, Faculty of Education, Tribhuvan University,
_d2024.
504 _aIncludes references.
650 _aClassrooms
_917382
650 _aTeaching methods
650 _aIndigenous knowledge
_915661
942 _2ddc
_cNCD
999 _c118770
_d118758